| 000 | 02067cam a22003734a 4500 | ||
|---|---|---|---|
| 001 | 6902 | ||
| 003 | BD-DhEWU | ||
| 005 | 20190115094315.0 | ||
| 008 | 100112s2010 enk g b 001 0 eng d | ||
| 010 | _a 2010000330 | ||
| 020 | _a9780826434302 (hardcover) | ||
| 020 | _a0826434304 | ||
| 035 | _a(OCoLC)690922152 | ||
| 040 |
_aDLC _cDLC _dDLC _dBD-DhEWU _beng |
||
| 041 | _aeng | ||
| 050 | 0 | 0 |
_aPN3448.B54 _bS86 2010 |
| 082 | 0 | 0 |
_a809.39353 _bSUN 2010 |
| 100 | 1 |
_aSummerfield, Giovanna. _9430 |
|
| 245 | 1 | 0 |
_aNew perspectives on the European Bildungsroman / _cGiovanna Summerfield and Lisa Downward. |
| 260 |
_aLondon ; _aNew York : _bContinuum, _cc2010. |
||
| 300 |
_a200 p. ; _c25 cm. |
||
| 504 | _aIncludes bibliographical references and index. | ||
| 505 | 0 |
_tTOC _aMastery and apprenticeship(s): departing from Goethe's Turm -- British master: Defoe, Dickens and Kipling -- French fellow craft: Voltaire, Prévost, Stendhal -- Italian apprentice: Foscolo, Collodi -- From bildungsroman to bildungsreise -- The dissolution of gendered plots: Wilhelm Meister and the beautiful soul -- Female developments in the nineteenth century: Neera's Teresa, Lydia and L'Indomani, George Eliot's Middlemarch, Charlotte Brontë's Jane Eyre -- Female developments in the twentieth century: Sibilla Aleramo's Una donna, Susanna Tamaro's Va dove ti porta il cuore, Virginia Woolf's To the lighthouse -- The bildungsroman as spectrum. |
|
| 520 | _aSummary: Presents new critical approaches to the Bildungsroman by analyzing spiritual, feminist, historicist and modernist perspectives. > | ||
| 526 | _aEnglish | ||
| 590 | _aTahur Ahmed | ||
| 650 | 0 |
_aBildungsromans _xHistory and criticism. _9431 |
|
| 650 | 0 |
_aEuropean literature _xHistory and criticism. _912398 |
|
| 650 | 0 |
_aEuropean literature _xWomen authors _xHistory and criticism. _9433 |
|
| 700 | 1 |
_aDownward, Lisa. _9429 |
|
| 856 | 4 | 2 |
_3WorldCat details _uhttp://www.worldcat.org/title/perspectives-on-the-european-bildungsroman/oclc/690922152&referer=brief_results |
| 942 |
_2ddc _cTEXT |
||
| 999 |
_c6902 _d6902 |
||
| 999 |
_c6902 _d6902 |
||